Economics : (Record no. 8798)

MARC details
000 -LEADER
fixed length control field 01028nac a22002531u 4500
008 - FIXED-LENGTH DATA ELEMENTS--GENERAL INFORMATION
fixed length control field 101103t xxu||||| |||| 00| 0 eng d
010 ## - LIBRARY OF CONGRESS CONTROL NUMBER
LC control number 92006638
020 ## - INTERNATIONAL STANDARD BOOK NUMBER
International Standard Book Number 007111212X
020 ## - INTERNATIONAL STANDARD BOOK NUMBER
International Standard Book Number 9780072875577
020 ## - INTERNATIONAL STANDARD BOOK NUMBER
International Standard Book Number 0072884614 (CD-ROM)
082 00 - DEWEY DECIMAL CLASSIFICATION NUMBER
Classification number 330
Item number MCC
100 ## - MAIN ENTRY--PERSONAL NAME
Personal name McConnell, Campbell R.
9 (RLIN) 20898
245 10 - TITLE STATEMENT
Title Economics :
Remainder of title Principles, Problems, and Policies /
Statement of responsibility, etc Campbell R. McConnell, Stanley R. Brue.
250 ## - EDITION STATEMENT
Edition statement 16th ed.
260 ## - PUBLICATION, DISTRIBUTION, ETC. (IMPRINT)
Place of publication, distribution, etc New York :
Name of publisher, distributor, etc McGraw-Hill,2005
Date of publication, distribution, etc 2005
300 ## - PHYSICAL DESCRIPTION
Extent 1 v. (various pagings) :
Other physical details col. ill. ;
Dimensions 26 cm.
504 ## - BIBLIOGRAPHY, ETC. NOTE
Bibliography, etc Includes bibliographical references and index.
511 ## - PARTICIPANT OR PERFORMER NOTE
Participant or performer note catalogued by: wessam
650 #0 - SUBJECT ADDED ENTRY--TOPICAL TERM
Topical term or geographic name as entry element Economics.
9 (RLIN) 20899
700 1# - ADDED ENTRY--PERSONAL NAME
Personal name Brue, Stanley L.,
Dates associated with a name 1945-
9 (RLIN) 20900
942 ## - ADDED ENTRY ELEMENTS (KOHA)
Item type Book - Borrowing
Call number prefix 330 MCC
Source of classification or shelving scheme Dewey Decimal Classification
Holdings
Withdrawn status Item status Source of classification or shelving scheme Damaged status Not for loan Vendor Home library Current library Shelving location Date acquired Source of acquisition Total Checkouts Total Renewals Full call number Barcode Date last seen Date last borrowed Koha item type
    Dewey Decimal Classification       Central Library Central Library First floor 03/11/2010   1 6 330 MCC 000010483 15/07/2025 23/11/2020 Book - Borrowing
    Dewey Decimal Classification       Central Library Central Library First floor 03/11/2010       330 MCC 000022508 24/08/2022   CD | DVD - With book